| 000 | 00531nam a22001937a 4500 | ||
|---|---|---|---|
| 003 | KOHA_MİRAKIL | ||
| 005 | 20250526163830.0 | ||
| 008 | 250526b tu ||||| |||| 00| 0 tur d | ||
| 020 | _a9786052071175 | ||
| 040 |
_aTR-AnABB _btur _cTR-AnABB |
||
| 041 | _atur | ||
| 082 |
_a818.4203 _bOKU 2017 |
||
| 100 | 1 | _aOkuyucu, Cihan, | |
| 245 | 1 | 0 |
_aCevelanname / _cCihan Okuyucu |
| 260 |
_aİstanbul : _bBüyüyenay Yayınları, _c2017 |
||
| 300 |
_a415 sayfa ; _c21 cm |
||
| 650 | 0 | 4 | _aTürk edebiyatı, roman |
| 942 |
_2ddc _cBK |
||
| 999 |
_c8904 _d8904 |
||
| 900 | _bGizem YORULMAZ | ||